Toutes les versions du jeu Les Aventuriers du Rail - Statistiques

Statistiques générales
  • Ce quiz a été pris 15 fois
  • Le résultat moyen est 10 sur 22
Statistiques - réponses
Versions du jeu Les Aventuriers du Rail % Correct
Les Aventuriers du Rail Europe
93%
Les Aventuriers du Rail Inde et Suisse
93%
Les Aventuriers du Rail Japon et Italie
93%
Les Aventuriers du Rail Allemagne
79%
Les Aventuriers du Rail Asie
79%
Les Aventuriers du Rail Au coeur de l'Afrique
79%
Les Aventuriers du Rail France et Conquête de l'ouest
71%
Les Aventuriers du Rail Scandinavie
57%
Les Aventuriers du Rail Londres
50%
Les Aventuriers du Rail Paris
50%
Les Aventuriers du Rail Royaume-Uni et Pennsylvanie
43%
Les Aventuriers du Rail
36%
Les Aventuriers du Rail Amsterdam
36%
Les Aventuriers du Rail Autour du monde
36%
Les Aventuriers du Rail Berlin
36%
Les Aventuriers du Rail New York
36%
Les Aventuriers du Rail Pays-Bas
29%
Les Aventuriers du Rail 1910
14%
Les Aventuriers du Rail Mon premier voyage
14%
Les Aventuriers du Rail 1912
7%
Les Aventuriers du Rail Le jeu de cartes
0%
Les Aventuriers du Rail Nordic Countries
0%
Aucun quiz correspondant
Distribution des résultats
% des personnes avec chaque résultat
Percentile par nombre de réponses
Votre historique - résultats
Vous n’avez pas pris ce quiz